000 00769nam a2200241 i 4500
001 54027
003 ES-MaACL
005 20230906162858.0
007 t|
008 031121s2002 sp ||||0| spa d
020 _a84-670-0107-0
080 _a929 Blasco Ibáñez, Vicente
100 1 _aReig, Ramiro.
_995996
245 1 0 _aVicente Blasco Ibáñez /
_cRamiro Reig.
260 _aMadrid :
_bEspasa Calpe,
_c[2002]
300 _a274 p., [8] p. de lám ;
_c20 cm.
490 1 _aEspasa biografías. Vidas de escritores
504 _aBibliografía: p. [261]-266.
600 1 4 _aBlasco Ibáñez, Vicente,
_d1867-1928-
_xBiografías
_929389
830 1 _aEspasa biografías. Vidas de escritores
_9182482
852 _aES-MaACL
_jL-26671
999 _c54027
_d54027